[Event "Bad Wiessee Senioren Cup 8th"]
[Site "Bad Wiessee"]
[Date "2019.05.16"]
[Round "6"]
[White "Bausch, Jean"]
[Black "Carrozza, Gregorio"]
[Result "1/2-1/2"]
[WhiteElo "1755"]
[BlackElo "1585"]
[PlyCount "86"]
[EventDate "2019.05.11"]
[EventType "swiss"]
[EventRounds "9"]
[EventCountry "GER"]
[SourceTitle "EXT 2020"]
[Source "ChessBase"]
[SourceDate "2019.10.17"]
[SourceVersion "1"]
[SourceVersionDate "2019.10.17"]
[SourceQuality "1"]

1. d4 Nf6 2. c4 d5 3. cxd5 g6 4. Nc3 Nxd5 5. e4 Nxc3 6. bxc3 Bg7 7. Bc4 c5 8. Ne2 cxd4 9. cxd4 Nc6 10. Be3 Qa5+ 11. Bd2 Qd8 12. Bc3 0-0 13. 0-0 Qc7 14. Qb3 Na5 15. Bxa5 Qxa5 16. Rab1 Rb8 17. Rfd1 Qg5 18. Rd3 Qa5 19. Qa3 Qxa3 20. Rxa3 Rd8 21. d5 Ra8 22. h3 b6 23. Rxb6 Bxh3 24. Rb7 Rd7 25. Ba6 Rxb7 26. Bxb7 Rb8 27. Rxa7 Bg4 28. f3 Bd7 29. a4 Bxa4 30. Rxa4 Rxb7 31. Ra8+ Bf8 32. Nd4 Kg7 33. Nc6 e6 34. Nd8 Rb1+ 35. Kh2 Bd6+ 36. g3 Rb2+ 37. Kh3 exd5 38. exd5 Rb3 39. Kg2 Rb2+ 40. Kh3 Rb3 41. Kg2 Bc5 42. Rc8 Rb2+ 43. Kh3 Bd6 1/2-1/2

[Event "Bad Wiessee Senioren Cup 8th"]
[Site "Bad Wiessee"]
[Date "2019.05.14"]
[Round "4"]
[White "Papa, Angelo"]
[Black "Carrozza, Gregorio"]
[Result "1/2-1/2"]
[WhiteElo "1668"]
[BlackElo "1585"]
[PlyCount "31"]
[EventDate "2019.05.11"]
[EventType "swiss"]
[EventRounds "9"]
[EventCountry "GER"]
[SourceTitle "EXT 2020"]
[Source "ChessBase"]
[SourceDate "2019.10.17"]
[SourceVersion "1"]
[SourceVersionDate "2019.10.17"]
[SourceQuality "1"]

1. d4 Nf6 2. c4 g6 3. Nc3 d5 4. Bg5 dxc4 5. Bxf6 exf6 6. e3 Bg7 7. Bxc4 0-0 8. Nge2 Nd7 9. 0-0 c6 10. a4 f5 11. Nf4 Qe7 12. Re1 Nf6 13. Qc2 Re8 14. Rad1 g5 15. Nd3 Be6 16. Bxe6 1/2-1/2

[Event "Bad Woerishofen op 31st"]
[Site "Bad Woerishofen"]
[Date "2015.02.27"]
[Round "1"]
[White "Carrozza, Gregorio"]
[Black "Engl, Heinz"]
[Result "1-0"]
[WhiteElo "1669"]
[BlackElo "2034"]
[PlyCount "79"]
[EventDate "2015.02.27"]
[EventType "swiss"]
[EventRounds "9"]
[EventCountry "GER"]
[SourceTitle "CBM 165 Extra"]
[Source "ChessBase"]
[SourceDate "2015.04.21"]
[SourceVersion "1"]
[SourceVersionDate "2015.04.21"]
[SourceQuality "1"]

1. e4 c5 2. Nf3 d6 3. d4 cxd4 4. Nxd4 Nf6 5. Nc3 g6 6. Be3 Bg7 7. f3 0-0 8. Qd2 Nc6 9. 0-0-0 d5 10. Nb3 dxe4 11. Qxd8 Nxd8 12. fxe4 Nc6 13. Be2 Ng4 14. Bxg4 Bxg4 15. Rd2 Ne5 16. h3 Nc4 17. hxg4 Nxe3 18. Rd7 e6 19. g5 b6 20. g3 a5 21. a4 Rac8 22. Rd3 Ng4 23. Rd6 Bxc3 24. bxc3 Rxc3 25. Rxb6 Rfc8 26. Rd1 Rxc2+ 27. Kb1 R2c4 28. Nxa5 Rxa4 29. Nc6 Kg7 30. Rd7 Rxe4 31. Rbb7 Rf8 32. Nd8 Re1+ 33. Kb2 Ne5 34. Nxe6+ Kg8 35. Nxf8 Kxf8 36. Rd8+ Kg7 37. Rbb8 h6 38. Rg8+ Kh7 39. Rh8+ Kg7 40. Rbg8# 1-0

[Event "Arco op 32nd"]
[Site "Arco"]
[Date "2010.10.22"]
[Round "7"]
[White "Wagner, Frank"]
[Black "Carrozza, Gregorio"]
[Result "1-0"]
[WhiteElo "1919"]
[BlackElo "1667"]
[PlyCount "65"]
[EventDate "2010.10.16"]
[EventType "swiss"]
[EventRounds "9"]
[EventCountry "ITA"]
[SourceTitle "EXT 2024"]
[Source "ChessBase"]
[SourceDate "2023.10.10"]
[SourceVersion "1"]
[SourceVersionDate "2023.10.10"]
[SourceQuality "1"]

1. Nf3 Nf6 2. g3 g6 3. Bg2 Bg7 4. 0-0 0-0 5. d3 d5 6. Nbd2 Nbd7 7. c4 c6 8. Rb1 a5 9. a3 a4 10. b4 axb3 11. Nxb3 dxc4 12. dxc4 Ng4 13. h3 Nge5 14. Nxe5 Nxe5 15. Qc2 Be6 16. Rd1 Qc8 17. c5 Bxh3 18. Nd4 Bxg2 19. Kxg2 Rd8 20. Qb3 Ng4 21. Nf3 Qc7 22. Rxd8+ Rxd8 23. Ng5 e6 24. Nxe6 fxe6 25. Qxe6+ Qf7 26. Qxg4 Bd4 27. Qf3 Qg7 28. Be3 Rf8 29. Qe4 Bxe3 30. Qxe3 g5 31. Rb4 h5 32. Qb3+ Kh7 33. Rxb7 1-0

[Event "Bagnara Calabra op-B"]
[Site "Bagnara Calabra"]
[Date "2009.01.04"]
[Round "4"]
[White "Ceravolo, Alberto"]
[Black "Carrozza, Gregorio"]
[Result "1-0"]
[WhiteElo "1652"]
[BlackElo "1595"]
[PlyCount "51"]
[EventDate "2009.01.02"]
[EventType "swiss"]
[EventRounds "7"]
[EventCountry "ITA"]
[SourceTitle "CBM 128 Extra"]
[Source "ChessBase"]
[SourceDate "2009.03.05"]
[SourceVersion "2"]
[SourceVersionDate "2009.03.25"]
[SourceQuality "1"]

1. d4 Nf6 2. f4 e6 3. e3 b6 4. Nf3 Bb7 5. Bd3 Be7 6. Nbd2 d5 7. 0-0 Na6 8. c3 0-0 9. Ne5 c5 10. Ndf3 Rc8 11. Bd2 Nd7 12. f5 Nf6 13. fxe6 fxe6 14. Ng5 Qd6 15. Rxf6 Rxf6 16. Qh5 h6 17. Nh7 Rcf8 18. Nxf8 Kxf8 19. Bh7 g5 20. Ng4 Bc6 21. Nxf6 Bxf6 22. Qxh6+ Ke7 23. Rf1 e5 24. e4 exd4 25. Rxf6 Qe5 26. Qf8+ 1-0

[Event "Amantea op-B 6th"]
[Site "Amantea"]
[Date "2008.09.06"]
[Round "7"]
[White "Cannataro, Luciano"]
[Black "Carrozza, Gregorio"]
[Result "1-0"]
[WhiteElo "1795"]
[BlackElo "1580"]
[PlyCount "69"]
[EventDate "2008.08.31"]
[EventType "swiss"]
[EventRounds "9"]
[EventCountry "ITA"]
[SourceTitle "CBM 126 Extra"]
[Source "ChessBase"]
[SourceDate "2008.11.05"]
[SourceVersion "1"]
[SourceVersionDate "2008.11.05"]
[SourceQuality "1"]

1. d4 Nf6 2. c4 b6 3. Nc3 Bb7 4. f3 d5 5. cxd5 Nxd5 6. e4 Nxc3 7. bxc3 e6 8. Bd3 Be7 9. Ne2 0-0 10. 0-0 Nd7 11. Be3 Rc8 12. c4 c5 13. d5 Ne5 14. Rc1 Nxd3 15. Qxd3 exd5 16. cxd5 Bd6 17. f4 f6 18. Ng3 g6 19. Qe2 Qe7 20. Qg4 Kh8 21. f5 Bxd5 22. fxg6 Be6 23. g7+ Qxg7 24. Qxe6 Bxg3 25. hxg3 Rce8 26. Qf5 Re5 27. Qf4 Qe7 28. Qh6 Rxe4 29. Rf3 c4 30. Bg5 Re6 31. Rcf1 Qc5+ 32. Kh2 c3 33. Bxf6+ Rfxf6 34. Rxf6 Re8 35. Rf8+ 1-0

[Event "Amantea op-B 6th"]
[Site "Amantea"]
[Date "2008.09.02"]
[Round "3"]
[White "Chiappetta, Dario"]
[Black "Carrozza, Gregorio"]
[Result "1-0"]
[WhiteElo "1745"]
[BlackElo "1580"]
[PlyCount "47"]
[EventDate "2008.08.31"]
[EventType "swiss"]
[EventRounds "9"]
[EventCountry "ITA"]
[SourceTitle "CBM 126 Extra"]
[Source "ChessBase"]
[SourceDate "2008.11.05"]
[SourceVersion "1"]
[SourceVersionDate "2008.11.05"]
[SourceQuality "1"]

1. e4 e5 2. Nf3 Nc6 3. Nc3 Nf6 4. Bb5 Bc5 5. Nxe5 0-0 6. Nxc6 bxc6 7. Be2 Qe7 8. d3 h6 9. 0-0 a5 10. Na4 Ba7 11. Re1 d6 12. Bf3 Rb8 13. Bd2 Bb6 14. Bc3 Nh7 15. Qd2 Ng5 16. Be2 Ra8 17. Nxb6 cxb6 18. f4 Ne6 19. a4 c5 20. Qe3 Bd7 21. f5 Nc7 22. f6 gxf6 23. Qxh6 Ne8 24. Rf1 1-0